02107cam a22004574i 4500003000900000005001700009008004100026020001500067035002700082040003300109049000900142082002000151100003200171245008500203250000700288264005500295300003800350336002100388337002500409338002300434505050500457526001000962526001000972526001000982526001000992526000801002526000801010526000801018526000801026526000801034526000801042526000801050650004801058942001401106949013001120994001401250596000601264999015501270980005501425952016901480PE-LiUPU20250731173129.0150623s r 000 0 d a0801056667 a(Sirsi) i9780801056666 aPE-LiUPUbspacPE-LiUPUerda aPRUA04a220.52bL542211 aJack Pearl,d1919-,eautor.14aThe english Bible from KJV to NIV :ba history and evaluation /cJack P. Lewis. a2a 1aGrand Rapids, Michigan :bBaker Book House,c1991. a512 páginas ;c23 centímetros atext2rdacontent aunmediated2rdamedia avolume2rdacarrier0 aThe Bible in history. The early english versions. Doctrinal problems in the King James Version. The American Standard Version. The Revised Standar Version after twenty-five years. The New English Bible. The New American Standard Bible. The Jerusalem Bible. The New American Bible. The New world translation of the holy scriptures. The living Bible paraphrased. The good News Bible (Today's English Version). The New International Version. The revised english Bible. The New Revised Standandr Version. aSEG42 aSEG41 aSEG40 aSEG39 aP94 aP87 aP86 aP85 aP77 aP76 aP3504aVersiones de la BibliaxHistoria (KJV-NIV). 2ddccBOOK a220.52 L54wDEWEYc1i51540lCCODEBUL1mBULp15.00r0sYtBOOKu2015-6-24xTEOLOGIAPP350COMPRAo.STAFF. Colección General aC0bPEPRU a1 a220.52 L54wDEWEYc33265i51540f2021-11-9g5lCCODEBUL1mBULp15.00r0sYtBOOKu2015-6-24xTEOLOGIAPP350COMPRAo.STAFF. Colección Generald33265 81gALBERTO SANCHEZ Responsable de Automatización r2025-12-02 00:00:00i6l0o220.52 L54p51540te1v20.00w2015-06-24xFTyBKzinventario-2023-12-13102ddc50708GENfP35aBULbBULcGENd2015-06-24eCOMPRAg15.00